000 00321nam a22001457a 4500
008 230630b ||||| |||| 00| 0 eng d
020 _a9780134686967
041 _aeng
080 _2FOURTH EDITION
_a51
082 _a51SUL
100 _a23
101 _aMATE
245 _aCOLLEGE ALGEBRA
_cSULLIVAN
942 _2udc
_cBK
999 _c60065
_d60065